000
00394nam a22001697a 4500
003
MPLRDC
005
20220104113840.0
008
210129b ||||| |||| 00| 0 eng d
082
_a
857.62 TLXS-3 v.2
100
_a
岭月主编
245
_a
暗角
_c
260
_a
_b
清风出版社
_c
300
_b
平
490
_a
推理小说
650
_a
推理小说
942
_c
BK
_o
857.62 TLXS-3 v.2
999
_c
2833
_d
2823